[Event "Chigorin Mem Classic Open"]
[Site "St Petersburg RUS"]
[Date "2010.10.30"]
[Round "3"]
[White "Inants,A"]
[Black "Mukha,A"]
[Result "0-1"]
[WhiteElo "2281"]
[BlackElo "1925"]

1.e4 c5 2.Nf3 Nc6 3.Bb5 g6 4.Bxc6 dxc6 5.d3 Bg7 6.h3 Nf6 7.Nc3 O-O 8.Be3 b6
9.Qd2 Ne8 10.Bh6 f6 11.O-O e5 12.Nh2 g5 13.Bxg7 Nxg7 14.Rfd1 Nh5 15.Ne2 Be6
16.c3 Rf7 17.Qe3 Rd7 18.Nf3 Nf4 19.Nxf4 gxf4 20.Qe2 Rg7 21.Kf1 Qe8 22.Ne1 Qd7
23.Qf3 Kh8 24.Ke2 Rag8 25.Kd2 Bf7 26.Kc2 a5 27.b3 a4 28.Rdb1 Qe7 29.b4 cxb4
30.cxb4 Qd7 31.a3 f5 32.exf5 Bd5 33.Qe2 Qxf5 34.f3 b5 35.Rc1 Rd8  0-1

[Event "Chigorin Mem Classic Open"]
[Site "St Petersburg RUS"]
[Date "2010.10.30"]
[Round "3"]
[White "Dzhumaev,M"]
[Black "Savchenko,B"]
[Result "0-1"]
[WhiteElo "2487"]
[BlackElo "2627"]

1.e4 c5 2.Nf3 Nc6 3.Bb5 g6 4.Bxc6 bxc6 5.O-O Bg7 6.Re1 Nh6 7.d3 O-O 8.Nbd2 Qc7
9.c3 d6 10.Qc2 f5 11.d4 cxd4 12.cxd4 Nf7 13.e5 f4 14.b3 Bf5 15.Qc4 g5 16.e6 Nd8
17.Nxg5 Qa5 18.Ndf3 h6 19.Nf7 d5 20.Qe2 Nxe6 21.N7e5 c5 22.Bb2 Be4 23.dxc5 Rf5
24.Nc6 Qxc5 25.Bxg7 Qxc6 26.Bb2 Kh7 27.Ne5 Qb6 28.Nc4 Qc5 29.Nd2 Ng5 30.Rac1 Qb6
31.Qg4 Rf7 32.Rc8 Bf5 33.Qxf5+ Rxf5 34.Rxa8 Qb4 35.Rh8+ Kg6 36.Rg8+ Kh5 37.Bc1 Qc3
38.h4 Kxh4 39.Kh2 Qc5 40.Rf1 e5 41.f3 e4 42.Ba3 Qxa3 43.Rh1 exf3 44.gxf3 Nh3
45.Rg6  0-1

[Event "Chigorin Mem Classic Open"]
[Site "St Petersburg RUS"]
[Date "2010.10.30"]
[Round "3"]
[White "Fedoseeva,V"]
[Black "Kopasov,E"]
[Result "0-1"]
[WhiteElo "1832"]
[BlackElo "2086"]

1.e4 c5 2.Nf3 Nc6 3.Bb5 g6 4.Bxc6 dxc6 5.d3 Bg7 6.O-O Nf6 7.Nbd2 Nd7 8.Nc4 b5
9.Ne3 e5 10.Re1 Nf8 11.b3 Ne6 12.Ng4 Nd4 13.Ne3 O-O 14.Ba3 b4 15.Bb2 a5 16.Nc4 Bg4
17.Ncd2 Bh6 18.Bc1 f5 19.h3 Bh5 20.exf5 Bxd2 21.Bxd2 Rxf5 22.Re3 Nxf3+ 23.Rxf3 Bxf3
24.gxf3 Qh4 25.Kg2 Raf8 26.f4 exf4 27.Qf3 Re8  0-1

[Event "Chigorin Mem Classic Open"]
[Site "St Petersburg RUS"]
[Date "2010.10.30"]
[Round "3"]
[White "Safarli,E"]
[Black "Malakhov,I"]
[Result "1-0"]
[WhiteElo "2607"]
[BlackElo "2425"]

1.e4 c5 2.Nf3 Nc6 3.Bb5 e6 4.O-O Nge7 5.c3 a6 6.Ba4 b5 7.Bc2 Bb7 8.d4 cxd4
9.cxd4 Nb4 10.d5 Nxc2 11.Qxc2 exd5 12.Nc3 b4 13.Nxd5 Nxd5 14.exd5 Bxd5 15.Qe2+ Be6
16.Qe5 Qb8 17.Qe4 Be7 18.Bf4 Qd8 19.Bc7 d5 20.Qe5 Bf6 21.Qg3 Qd7 22.Be5 Qd8
23.Bxf6 Qxf6 24.Qd6 Qd8 25.Qc6+ Kf8 26.Nd4 h5 27.Rae1 Rh6 28.Rxe6 fxe6 29.Nxe6+ Rxe6
30.Qxe6 d4 31.Rd1 Rc8 32.h3 a5 33.Qe5 d3 34.Qf5+ Kg8 35.Rxd3 Rc1+ 36.Kh2 Qc7+
37.f4 Rc5 38.Qe6+ Kh8 39.Rd6 h4 40.Qe8+ Kh7 41.Qe4+ Kg8 42.Re6 Qd7 43.Re8+ Kf7
44.Rh8 Qe7 45.Qxe7+ Kxe7 46.Rxh4 a4 47.f5 Rxf5 48.Rxb4 Rf2 49.a3 Rc2 50.h4 Ke6
51.Kg3 Rd2 52.Kf3 Ke5 53.g4 Rh2 54.Ke3 Rg2 55.Kd3 Rh2 56.g5 Kf5 57.Kc3 Kg6
58.Rxa4  1-0

[Event "16th Venetian Chess Autumn"]
[Site "Venice ITA"]
[Date "2010.10.30"]
[Round "1.10"]
[White "Redo,S"]
[Black "Pechy,A"]
[Result "0-1"]
[WhiteElo "1912"]
[BlackElo "2191"]

1.e4 c5 2.Nf3 Nc6 3.Bb5 g6 4.c3 Bg7 5.O-O Nf6 6.Re1 O-O 7.d4 cxd4 8.cxd4 d5
9.e5 Ne4 10.Nc3 Nxc3 11.bxc3 Qa5 12.Qa4 Qxa4 13.Bxa4 Bg4 14.Ba3 Rfc8 15.Rab1 b6
16.Bb5 Bf8 17.h3 Bxf3 18.gxf3 e6 19.Bc1 Na5 20.Re3 a6 21.Be2 b5 22.Kf1 Rc6
23.Bd1 Rac8 24.a4 b4 25.Ke2 bxc3 26.Bc2 Bh6 27.Rd3 Bxc1 28.Rxc1 Rb8 29.Bd1 Rb2+
30.Rc2 Rc4 31.Ke3 Rb1 32.f4 Rxa4 33.Rcxc3 Nc4+ 34.Kf3 Rab4 35.Kg3 Nb2 36.Bc2 Rg1+
37.Kh2 Nxd3 38.Kxg1 Nxf4  0-1

[Event "14th OIBM"]
[Site "Bad Wiessee GER"]
[Date "2010.10.31"]
[Round "3.48"]
[White "Rivas Pastor,M"]
[Black "Feldbacher,H"]
[Result "1-0"]
[WhiteElo "2529"]
[BlackElo "2131"]

1.e4 c5 2.Nf3 Nc6 3.Bb5 g6 4.Bxc6 dxc6 5.d3 Bg7 6.Nc3 Nf6 7.Bf4 O-O 8.Qd2 Re8
9.Bh6 Bh8 10.h3 b5 11.O-O a5 12.e5 Nd5 13.Ne4 c4 14.Rfe1 Nb6 15.Qf4 Be6 16.Nfg5 Qd5
17.d4 Bg7 18.Bxg7 Kxg7 19.Nf6 exf6 20.exf6+ Kh8 21.Re5 Qd7 22.Nxh7 g5 23.Qxg5  1-0

[Event "CONPET Cup 2010"]
[Site "Ploiesti ROU"]
[Date "2010.10.31"]
[Round "9.7"]
[White "Stoicescu,H"]
[Black "Telea,S"]
[Result "0-1"]
[WhiteElo "1935"]
[BlackElo "2157"]

1.e4 c5 2.Nf3 Nc6 3.Bb5 Nd4 4.Nxd4 cxd4 5.O-O a6 6.Be2 e5 7.c3 Bc5 8.d3 Ne7
9.b4 Ba7 10.c4 O-O 11.f4 d6 12.Nd2 b5 13.Bg4 exf4 14.Bxc8 Rxc8 15.Rxf4 Ng6
16.Rf5 Ne5 17.Rxe5 dxe5 18.c5 Rc6 19.a4 bxa4 20.Nc4 Bb8 21.Rxa4 Rg6 22.Qe2 Bc7
23.Bd2 Qd7 24.Ra1 f5 25.exf5 Qxf5 26.Rf1 Qxf1+ 27.Qxf1 Rxf1+ 28.Kxf1 Kf7
29.Be1 Ke6 30.Nd2 Kd5 31.Ne4 Kc6 32.h3 Kb5 33.g4 a5 34.bxa5 Bxa5 35.Nd6+ Ka6
36.Bg3 Re6 37.Ke2 Bb4 38.Ne4 h6 39.Kf3 Kb5 40.g5 Kc6 41.Kg4 Kd5 42.Kf5 hxg5
43.Kxg5 Bxc5 44.h4 Be7+ 45.Kf5 g6+ 46.Kg4 Ra6 47.Kf3 Ra3 48.Ke2 Rb3 49.Nf2 Ra3
50.Ne4 Ke6 51.Nf2 Kf5 52.Ne4 Rb3 53.Nf2 Rc3 54.Ne4 Rc8 55.Kf3 Rh8  0-1

[Event "Chigorin Mem Classic Open"]
[Site "St Petersburg RUS"]
[Date "2010.10.31"]
[Round "4"]
[White "Naboka,S"]
[Black "Malakhov,I"]
[Result "0-1"]
[WhiteElo "2152"]
[BlackElo "2425"]

1.e4 c5 2.Nf3 Nc6 3.Bb5 e6 4.O-O Nge7 5.c3 a6 6.Ba4 b5 7.Bc2 Bb7 8.Qe2 d5
9.a4 b4 10.d3 Ng6 11.Bg5 Be7 12.Bxe7 Qxe7 13.Nbd2 O-O 14.Nb3 Rfd8 15.Rac1 Rac8
16.Rfd1 Qd6 17.d4 cxd4 18.exd5 Nf4 19.Qe4 f5 20.Qe1 Nxd5 21.cxd4 Ba8 22.Nc5 Re8
23.Bb3 Nf4 24.Qe3 Na5 25.Ba2 b3 26.Bxb3 Rb8 27.Rc3 Rb4 28.Nd3 Nxg2 29.Kxg2 Rxb3
30.Rxb3 Nxb3 31.Ne5 Na5 32.Rc1 Nc6 33.Nxc6 Bxc6 34.Qe5 Qd7 35.Kg3 f4+ 36.Kg2 Qd5
37.Qxd5 Bxd5 38.Rc3 Rb8 39.Kh3 Rxb2 40.Ng5 Rb3 41.Rxb3 Bxb3 42.a5 Bd5 43.Kg4 h6
44.Nh3 g5 45.Ng1 Bg2 46.f3 Kg7 47.Kh5 Bf1 48.h3 Bg2 49.h4 Kf6 50.hxg5+ hxg5
51.Kg4 Bf1 52.Kh5 Kf5 53.Kh6 g4 54.fxg4+ Kxg4 55.Kg6 f3  0-1

[Event "Chigorin Mem Classic Open"]
[Site "St Petersburg RUS"]
[Date "2010.10.31"]
[Round "4"]
[White "Ivkina,O"]
[Black "Kuzmin,E"]
[Result "1-0"]
[WhiteElo "2251"]
[BlackElo "2067"]

1.e4 c5 2.Nf3 Nc6 3.Bb5 d6 4.O-O Bd7 5.c3 Nf6 6.Re1 a6 7.Ba4 b5 8.Bc2 Bg4
9.h3 Bxf3 10.Qxf3 g6 11.a4 Nd7 12.axb5 axb5 13.Rxa8 Qxa8 14.e5 Ndxe5 15.Qe2 c4
16.Na3 Qa6 17.d4 b4 18.dxe5 bxa3 19.bxa3 Nxe5 20.Bg5 f6 21.Bd2 d5 22.Rb1 Kf7
23.f4 Nd7 24.f5 e5 25.fxg6+ Ke7 26.gxh7 e4 27.Qg4 Rxh7 28.Qg8 Rh4 29.Qxd5 Qe6
30.Qb7 Qd6 31.Be1 Rf4 32.Bg3 Qc5+ 33.Kh1  1-0

[Event "20th World Seniors"]
[Site "Arco ITA"]
[Date "2010.11.01"]
[Round "6"]
[White "Caramaschi,V"]
[Black "De Polzer,M"]
[Result "0-1"]
[WhiteElo "1669"]
[BlackElo "1809"]

1.e4 c5 2.Nf3 Nc6 3.Bb5 a6 4.Bxc6 dxc6 5.O-O Bg4 6.h3 Bh5 7.Nc3 Qc7 8.b3 Nf6
9.Bb2 e5 10.g4 Bg6 11.Re1 Bd6 12.d3 b5 13.Ne2 h6 14.Ng3 O-O-O 15.a4 b4 16.c3 a5
17.cxb4 axb4 18.Qe2 Kb7 19.a5 Nd7 20.Nd2 f6 21.Nc4 Be7 22.Ra2 Nf8 23.Rea1 Ne6
24.Bc1 Nd4 25.Qd1 Qd7 26.Nf1 h5 27.Be3 hxg4 28.Bxd4 Qxd4 29.hxg4 Bxe4 30.dxe4 Qxd1
31.Rxd1 Rxd1 32.a6+ Ka7 33.Na5 Rc8 34.Kg2 Bd8 35.Ne3 Rb1 36.Nf5 Bxa5 37.Rxa5 Kb6
38.Ra4 Rxb3 39.Nxg7 Ra3  0-1

[Event "14th OIBM"]
[Site "Bad Wiessee GER"]
[Date "2010.11.01"]
[Round "4.14"]
[White "Bakhmatov,E"]
[Black "Roy Chowdhury,S"]
[Result "1-0"]
[WhiteElo "2362"]
[BlackElo "2457"]

1.e4 c5 2.Nf3 Nc6 3.Bb5 Nf6 4.e5 Nd5 5.O-O Nc7 6.Bxc6 dxc6 7.h3 Bf5 8.d3 h6
9.Nc3 e6 10.Qe2 Be7 11.Ne4 O-O 12.Bf4 Qd7 13.Rad1 Nd5 14.Bg3 Rad8 15.a3 Nc7
16.c4 Qc8 17.Qe3 Bxe4 18.Qxe4 a5 19.Bf4 Rd7 20.Be3 a4 21.Rfe1 Rfd8 22.g4 Rf8
23.Kh1 Qd8 24.Rg1 g5 25.h4 Kg7 26.hxg5 hxg5 27.Kg2 Rg8 28.Rh1 Kf8 29.Rh5 Ke8
30.Qh7 Rg6 31.Qh8+ Bf8 32.Bxc5  1-0

[Event "14th OIBM"]
[Site "Bad Wiessee GER"]
[Date "2010.11.01"]
[Round "4.11"]
[White "Singer,C"]
[Black "Abergel,T"]
[Result "1/2-1/2"]
[WhiteElo "2369"]
[BlackElo "2521"]

1.e4 c5 2.Nf3 Nc6 3.Bb5 g6 4.Bxc6 bxc6 5.O-O Bg7 6.c3 d6 7.h3 Nf6 8.Re1 O-O
9.d4 cxd4 10.cxd4 Rb8 11.Nc3 Nd7 12.b3 c5 13.Be3 Bb7 14.Rc1 Rc8 15.d5 Ba6
16.Qd2 Ne5 17.Nxe5 Bxe5 18.f4 Bg7 19.Bf2 Qc7 20.Kh1 e6 21.e5 Rcd8 22.Ne4 dxe5
23.d6 Qb8 24.fxe5 Bxe5 25.Nxc5 Rxd6 26.Qa5 Bf4 27.Nxa6 Qb7 28.Nc5 Qd5 29.Qc3 Bd2
30.Qb2 Bxc1 31.Qxc1 Rc8 32.Qe3 f5 33.b4 Qxa2 34.Bg3 Rd2 35.Qxe6+ Qxe6 36.Rxe6 a5
37.Re7 axb4 38.Ne6 Re2 39.Bh4 g5 40.Bxg5 Rcc2 41.Re8+  1/2-1/2

[Event "14th OIBM"]
[Site "Bad Wiessee GER"]
[Date "2010.11.01"]
[Round "4.29"]
[White "Muench,I"]
[Black "Krivoborodov,E"]
[Result "0-1"]
[WhiteElo "2209"]
[BlackElo "2499"]

1.e4 c5 2.Nf3 Nc6 3.Bb5 Nf6 4.e5 Nd5 5.Nc3 Nc7 6.Bxc6 dxc6 7.h3 g6 8.d3 Bg7
9.O-O O-O 10.Re1 Ne6 11.Ne4 f5 12.exf6 exf6 13.Be3 b6 14.Qc1 f5 15.Neg5 Re8
16.Nxe6 Bxe6 17.Bh6 Bh8 18.Bd2 Bd5 19.Bc3 Bxc3 20.bxc3 Bxf3 21.Rxe8+ Qxe8
22.gxf3 Qe2 23.Qe3 Re8 24.Qxe2 Rxe2 25.Rc1 Kf7 26.Kf1 Re6 27.a4 Kf6 28.f4 g5
29.f3 gxf4 30.c4 Kg5 31.Kf2 Kh4 32.Rb1 Rg6 33.a5 h5 34.axb6 axb6 35.Re1 Rg3
36.Rb1 Rxh3 37.Kg2 Rg3+ 38.Kf2 Rh3 39.Kg2 Rg3+ 40.Kf2 Rg6 41.Rh1+ Kg5 42.Rg1+ Kf6
43.Rb1 Ke5 44.c3 h4 45.Rh1 Rh6 46.Kg2 h3+ 47.Kh2 Rg6 48.Rb1 Rg2+ 49.Kxh3 Rg3+
50.Kh2 Rxf3 51.Rxb6 Kd6 52.Rb8 Kc7 53.Rf8 Rxd3 54.Rxf5 Rxc3 55.Rxf4 Kb6 56.Kg2 Ka5
57.Kf2 Kb4 58.Ke2 Rxc4 59.Rf6 Rd4 60.Rxc6 c4 61.Rb6+ Kc3 62.Ra6 Kb2 63.Rb6+ Kc3
64.Ra6 Rd8 65.Rc6 Kb3 66.Rb6+ Kc2 67.Rc6 Re8+ 68.Kf2 c3 69.Rb6 Kc1 70.Rb7 c2
71.Rb5 Re7 72.Kf1 Kd2 73.Rd5+ Kc3 74.Rc5+ Kb3 75.Kf2 Rb7 76.Ke2 Kb2  0-1

[Event "16th Venetian Chess Autumn"]
[Site "Venice ITA"]
[Date "2010.11.01"]
[Round "5.16"]
[White "Di Lascio,S"]
[Black "Sorbera,G"]
[Result "0-1"]
[WhiteElo "1921"]
[BlackElo "2057"]

1.e4 c5 2.Nf3 Nc6 3.Bb5 Qc7 4.Nc3 Nf6 5.O-O d6 6.d4 cxd4 7.Nd5 Nxd5 8.exd5 a6
9.Ba4 b5 10.dxc6 bxa4 11.Qxd4 Qxc6 12.Re1 e5 13.Bg5 Be6 14.Qd2 f6 15.Bh4 Be7
16.Nd4 Qd7 17.Qe3 Kf7 18.Nxe6 Qxe6 19.Qe4 Rhc8 20.Qxh7 Rh8 21.Qe4 Rac8 22.Bg3 Qc4
23.Qxc4+ Rxc4 24.Re2 Rhc8 25.Rae1 Rxc2 26.f3 d5 27.Kf1 Rxe2 28.Rxe2 Rc1+
29.Re1 Rxe1+ 30.Bxe1 Ke6 31.Ke2 d4 32.Kd3 Kd5 33.g4 g6 34.Bh4 Ke6 35.h3 f5
36.Be1 Kd5 37.gxf5 gxf5 38.b3 e4+ 39.fxe4+ fxe4+ 40.Ke2 d3+ 41.Kd1 axb3 42.axb3 e3
43.h4 Ke4 44.h5 Bg5 45.Bg3 e2+ 46.Ke1 Kf3  0-1

[Event "16th Venetian Chess Autumn"]
[Site "Venice ITA"]
[Date "2010.11.01"]
[Round "5.3"]
[White "Ceschia,I"]
[Black "Redo,G"]
[Result "1-0"]
[WhiteElo "2251"]
[BlackElo "2115"]

1.e4 c5 2.Nf3 Nc6 3.Bb5 Qc7 4.O-O g6 5.Re1 Bg7 6.Nc3 e6 7.Bxc6 bxc6 8.e5 d5
9.exd6 Qxd6 10.Ne4 Qe7 11.d3 Nf6 12.Bg5 h6 13.Nxf6+ Bxf6 14.Bxf6 Qxf6 15.Ne5 Bb7
16.Qd2 O-O-O 17.Qa5 Rd5 18.Qc3 Rhd8 19.Re3 c4 20.dxc4 Rd1+ 21.Re1 Rxa1 22.Rxa1 c5
23.Qe3 Qe7 24.Nd3 Rd4 25.b3 Qf6 26.Re1 Qf5 27.f3 Qg5 28.Qxg5 hxg5 29.Re5 g4
30.Rxc5+ Kd8 31.Kf2 f6 32.Kg3 gxf3 33.gxf3 e5 34.Ra5 Bxf3 35.Kxf3 e4+ 36.Ke3 exd3
37.cxd3 Rh4 38.Rxa7 Rxh2 39.d4 g5 40.d5 f5 41.c5 f4+ 42.Ke4 Re2+ 43.Kf5 f3
44.Kxg5 Re5+ 45.Kg6 Rf5 46.d6 f2 47.c6 Rf6+ 48.Kg7 Rxd6 49.Rf7 Rd2 50.a3 Rb2
51.b4 Kc8 52.Kg6 Kb8 53.Kg5 Rc2 54.Kg4 Ra2 55.Kg3 Rxa3+ 56.Kxf2 Rb3 57.Rb7+ Ka8
58.Rb5 Rc3 59.Ra5+ Kb8 60.b5 Rb3 61.Ke2 Kc7 62.Ra7+ Kb8 63.Rb7+ Ka8 64.Rb6 Rc3
65.Kd2 Rc5 66.Kd3 Ka7 67.Ra6+ Kb8 68.Ra5 Kc7 69.b6+  1-0

[Event "14th OIBM"]
[Site "Bad Wiessee GER"]
[Date "2010.11.02"]
[Round "5.30"]
[White "Maurer,Joc"]
[Black "Fedorovsky,M"]
[Result "1/2-1/2"]
[WhiteElo "2191"]
[BlackElo "2411"]

1.e4 c5 2.Nf3 Nc6 3.Bb5 g6 4.Bxc6 dxc6 5.d3 Bg7 6.h3 Nf6 7.Nc3 Nd7 8.Be3 e5
9.Qd2 Qe7 10.O-O Nf8 11.a3 Ne6 12.Ne2 Nd4 13.Nfxd4 cxd4 14.Bh6 O-O 15.Bxg7 Kxg7
16.f4 f6 17.Kh1 Be6 18.Rf2 c5 19.Raf1 Bg8 20.Ng1 b6 21.g4 c4 22.Nf3 Rac8
23.fxe5 fxe5 24.Qb4 Rfe8 25.Kg2 Qxb4 26.axb4 a5 27.Ra1 axb4 28.Ra7+ Kh8 29.Ng5 Rf8
30.Rxf8 Rxf8 31.dxc4  1/2-1/2

[Event "Chigorin Mem Classic Open"]
[Site "St Petersburg RUS"]
[Date "2010.11.02"]
[Round "6"]
[White "Komiagina,M"]
[Black "Kuzmin,E"]
[Result "1-0"]
[WhiteElo "2263"]
[BlackElo "2067"]

1.e4 c5 2.Nf3 Nc6 3.Bb5 d6 4.O-O Bd7 5.Re1 Nf6 6.c3 a6 7.Bf1 Bg4 8.h3 Bxf3
9.Qxf3 g6 10.d3 Bg7 11.Bg5 O-O 12.Nd2 Nd7 13.Qe3 b5 14.Bh6 Qb6 15.Kh1 e6
16.g3 d5 17.Bxg7 Kxg7 18.exd5 exd5 19.Bg2 Rae8 20.Qxe8 Rxe8 21.Rxe8 Nf6 22.Re2 b4
23.c4 Nd4 24.Re5 Nc6 25.Ree1 Nd4 26.Rac1 Qa5 27.cxd5 Qxa2 28.Nc4 Qb3 29.d6 Qxd3
30.Re7 Qf5 31.Rf1 Ne6 32.d7 Nd8 33.Nd6 Qd3 34.Ne8+ Kf8 35.Re3 Qxd7 36.Nxf6 Qd4
37.Nxh7+ Kg7 38.Ng5 f6 39.Nf3 Qxb2 40.Re7+ Kh6 41.Nh2 f5 42.h4 Qf6 43.Rfe1 Qd6
44.Nf3 Nc6 45.R7e6 Qb8 46.Rxc6 b3 47.Ree6 b2 48.Rxg6+ Kh7 49.Ng5+ Kh8 50.Rh6+  1-0

[Event "20th World Seniors"]
[Site "Arco ITA"]
[Date "2010.11.03"]
[Round "8"]
[White "Rooze,J"]
[Black "Laco,G"]
[Result "1-0"]
[WhiteElo "2288"]
[BlackElo "2126"]

1.e4 c5 2.Nf3 Nc6 3.Bb5 a6 4.Bxc6 bxc6 5.O-O d5 6.e5 e6 7.b3 Nh6 8.Nc3 Nf5
9.Na4 g5 10.Ba3 g4 11.Ne1 Bg7 12.f4 gxf3 13.Nxf3 c4 14.bxc4 Qa5 15.c3 dxc4
16.Bb4 Qd8 17.Qe2 a5 18.Bc5 Ba6 19.Qf2 Qd3 20.Nd4 Nh6 21.Qh4 Ng8 22.Nb6 Rd8
23.Rxf7 Kxf7 24.Qxd8 h6 25.Qc7+  1-0

[Event "14th OIBM"]
[Site "Bad Wiessee GER"]
[Date "2010.11.03"]
[Round "6.13"]
[White "Bakhmatov,E"]
[Black "Petrov,Marij"]
[Result "0-1"]
[WhiteElo "2362"]
[BlackElo "2550"]

1.e4 c5 2.Nf3 Nc6 3.Bb5 Nf6 4.e5 Nd5 5.O-O Nc7 6.Bxc6 dxc6 7.h3 Bf5 8.d3 h6
9.Nc3 e6 10.Qe2 Be7 11.Ne4 Nb5 12.c3 Qd7 13.Be3 Rd8 14.Rad1 b6 15.Rd2 O-O
16.Rfd1 Qb7 17.Bf4 Qa6 18.a3 Rd7 19.g4 Bh7 20.h4 Qa4 21.h5 Rfd8 22.g5 Bxe4
23.dxe4 Rxd2 24.Rxd2 Rxd2 25.Bxd2 hxg5 26.Bxg5 f6 27.Bf4 f5 28.c4 fxe4 29.Qxe4 Nd4
30.Kg2 Qxc4 31.Be3 Qc2 32.Qg6 Qxg6+ 33.hxg6 Nf5 34.Bd2 c4 35.Kf1 Kf8 36.Ng5 Bxg5
37.Bxg5 Ne7 38.Bxe7+ Kxe7 39.Ke2 c5 40.a4 a6 41.Ke3 b5 42.a5 b4 43.Ke4 b3  0-1

[Event "Chigorin Mem Classic Open"]
[Site "St Petersburg RUS"]
[Date "2010.11.03"]
[Round "7"]
[White "Belousov,D"]
[Black "Shaidullina,S"]
[Result "1/2-1/2"]
[WhiteElo "2344"]
[BlackElo "2175"]

1.e4 c5 2.Nf3 Nc6 3.Bb5 d6 4.O-O Bd7 5.Re1 Nf6 6.c3 a6 7.Bf1 Bg4 8.d3 e6
9.Nbd2 Be7 10.h3 Bh5 11.g4 Bg6 12.Nh4 Nd7 13.Nxg6 hxg6 14.Bg2 g5 15.Nf3 Nde5
16.Nxe5 Nxe5 17.d4 cxd4 18.cxd4 Ng6 19.d5 e5 20.Qb3 Qd7 21.Bd2 f6 22.Rac1 Kf7
23.Rc3 Bd8 24.Qa3 Bb6 25.Rec1 Nf4 26.Bf1 Rac8 27.Rxc8 Rxc8 28.Bxf4 exf4 29.Rxc8 Qxc8
30.Qxd6 Bc5 31.Qe6+ Qxe6 32.dxe6+ Kxe6 33.Bc4+ Ke5 34.Bd5 b5 35.Kg2 Kd4 36.Bb7 a5
37.Ba6 b4 38.b3 Kc3 39.Bb5 Kb2 40.f3 Kxa2 41.Ba4 Kb2 42.Kf1 Kc3 43.Ke2 Kc2
44.Kf1 Kd2 45.Kg2 Ke3 46.Bd7 Bd4 47.Be8 Kd3 48.Bb5+ Kc3 49.Ba4  1/2-1/2

[Event "Chigorin Mem Classic Open"]
[Site "St Petersburg RUS"]
[Date "2010.11.03"]
[Round "7"]
[White "Ivkina,O"]
[Black "Mozharov,M"]
[Result "0-1"]
[WhiteElo "2251"]
[BlackElo "2494"]

1.e4 c5 2.Nf3 Nc6 3.Bb5 Na5 4.c3 a6 5.Ba4 b5 6.Bc2 Bb7 7.O-O e6 8.d4 cxd4
9.cxd4 Nf6 10.d5 exd5 11.e5 Ne4 12.Nd4 g6 13.Nc3 Bg7 14.f4 O-O 15.Kh1 d6
16.e6 f5 17.Be3 Nc4 18.Bc1 Qh4 19.Kg1 Nxc3 20.bxc3 b4 21.Rb1 a5 22.g3 Qf6
23.Re1 Rfe8 24.Ba4 Re7 25.Nc6 Bxc6 26.Bxc6 Rc8 27.Bd7 Rc7 28.cxb4 axb4 29.Rxb4 h5
30.Rb8+ Kh7 31.Kh1 Qc3 32.Rb3 Qa5 33.Rb5 Qxa2 34.Rxd5 Nb6 35.Rxd6 Rc2 36.Bd2 Nc4
37.Qb1 Qxb1 38.Rxb1 Nxd2  0-1

[Event "14th OIBM"]
[Site "Bad Wiessee GER"]
[Date "2010.11.04"]
[Round "6.36"]
[White "Singer,C"]
[Black "Rauch,U"]
[Result "1/2-1/2"]
[WhiteElo "2369"]
[BlackElo "2170"]

1.e4 c5 2.Nf3 Nc6 3.Bb5 g6 4.Bxc6 bxc6 5.O-O Bg7 6.c3 Nf6 7.Re1 O-O 8.d4 d5
9.exd5 cxd5 10.dxc5 Ne4 11.Nd4 Qc7 12.b4 e5 13.Nb5 Qc6 14.a4 a5 15.f3 Nf6
16.Ba3 d4 17.Rxe5 Ng4 18.Re4 dxc3 19.N1xc3 axb4 20.Bxb4 Ne5 21.Qd6 Bf5 22.Rd4 Qb7
23.Nd5 Kh8 24.Ne7 Bd7 25.c6 Bxc6 26.Rc1 Rxa4 27.Nxc6 Nxc6 28.Bc3 Nxd4 29.Bxd4 Rxd4
30.Nxd4 Qb2 31.Rd1 Re8 32.Nc6 Qb6+ 33.Kh1 Bf8 34.Qf6+ Bg7 35.Qd6  1/2-1/2

[Event "14th OIBM"]
[Site "Bad Wiessee GER"]
[Date "2010.11.04"]
[Round "7.28"]
[White "Foo,Be"]
[Black "Deglmann,L"]
[Result "0-1"]
[WhiteElo "2154"]
[BlackElo "2397"]

1.e4 c5 2.Nf3 Nc6 3.Bb5 g6 4.O-O Bg7 5.c3 Nf6 6.Re1 O-O 7.d4 cxd4 8.cxd4 d5
9.e5 Ne4 10.Bxc6 bxc6 11.Nbd2 Nxd2 12.Nxd2 c5 13.dxc5 Qc7 14.Nf3 Qxc5 15.Be3 Qa5
16.Qd4 Rb8 17.Qh4 Re8 18.Ng5 h6 19.Nf3 Rb4 20.Bd4 Ra4 21.a3 Qa6 22.Qg3 Rc4
23.b3 Rc2 24.Be3 Rc3 25.Nd4 Bf5 26.Qf4 Be4 27.f3 g5 28.Qg4 Rxe3 29.Rxe3 Bxe5
30.Rd1 Qb6 31.Rxe4 dxe4 32.Qxe4 Bf6 33.Kf2 Rd8 34.Ke3 Rxd4 35.Rxd4 e5 36.Qf5 exd4+
37.Kd2 Kg7 38.b4 Qc7  0-1

[Event "14th OIBM"]
[Site "Bad Wiessee GER"]
[Date "2010.11.04"]
[Round "7.16"]
[White "Buchal,S"]
[Black "Abergel,T"]
[Result "0-1"]
[WhiteElo "2334"]
[BlackElo "2521"]

1.e4 c5 2.Nf3 Nc6 3.Bb5 g6 4.O-O Bg7 5.c3 Nf6 6.e5 Nd5 7.d4 cxd4 8.cxd4 Nc7
9.Nc3 Nxb5 10.Nxb5 O-O 11.Bf4 a6 12.Nc3 d6 13.exd6 exd6 14.Bg5 Qa5 15.d5 Ne5
16.Nxe5 Bxe5 17.Qd2 Bf5 18.Bf4 Bh8 19.Rfe1 Rfc8 20.Re3 Qb4 21.a3 Qb6 22.Rae1 Bd4
23.Re7 Bf6 24.R7e2 h5 25.h3 Rc5 26.Re8+ Rxe8 27.Rxe8+ Kh7 28.Bg5 Be5 29.Qe2 Qb3
30.Re7 Rxc3 31.Rxe5 dxe5 32.bxc3 Qxc3 33.Bf6 Qc1+ 34.Kh2 Qf4+ 35.g3 Qd4 36.Bxe5 Qxd5
37.Qe3 Bxh3 38.f3 Bd7 39.Bb2 Qf5 40.Qf2 Qh3+ 41.Kg1 Bc6  0-1

[Event "VII Open"]
[Site "Figueira da Foz POR"]
[Date "2010.11.04"]
[Round "6.12"]
[White "Kasparova,T"]
[Black "Pais,B"]
[Result "1-0"]
[WhiteElo "2187"]
[BlackElo "1697"]

1.e4 c5 2.Nf3 Nc6 3.Bb5 e6 4.Bxc6 bxc6 5.d3 d5 6.Nc3 Ne7 7.O-O Ng6 8.Ng5 f6
9.Nh3 e5 10.Qh5 d4 11.Na4 Be6 12.f4 exf4 13.Nxf4 Bf7 14.Nxg6 Bxg6 15.Qf3 Be7
16.b3 O-O 17.Ba3 Qa5 18.Qg4 Rfe8 19.Qe6+ Bf7 20.Qf5 Bg6 21.Qd7 Rac8 22.Rae1 Bf8
23.Qg4 Rc7 24.h4 Re5 25.Bc1 Bh5 26.Qg3 Re6 27.Bd2 Qxd2 28.Qxc7 Be2 29.Qf4 Qxc2
30.Rf2 Bd6 31.Qf5 Kf7 32.Rfxe2 Qxd3 33.Nxc5  1-0

[Event "VII Open"]
[Site "Figueira da Foz POR"]
[Date "2010.11.04"]
[Round "6.19"]
[White "Vicente,J"]
[Black "Morais,V"]
[Result "1-0"]
[WhiteElo "1839"]
[BlackElo "1994"]

1.e4 c5 2.Nf3 Nc6 3.Bb5 e6 4.Bxc6 bxc6 5.O-O Ne7 6.d3 Ng6 7.Re1 Be7 8.Nbd2 O-O
9.b3 f6 10.Bb2 d6 11.Nc4 e5 12.Ne3 f5 13.exf5 Bxf5 14.Nxf5 Rxf5 15.Nd2 Qd7
16.Ne4 Raf8 17.Qg4 Qc7 18.f3 Nf4 19.Bc1 d5 20.Bxf4 dxe4 21.Bg3 exf3 22.gxf3 h5
23.Qe4 Bd6 24.Rf1 g5 25.h3 Qd7 26.Kg2 Bb8 27.Qc4+ Qd5 28.Qe4 Bc7 29.Rae1 h4
30.Bh2 Kg7 31.Bg1 Bb6 32.Bh2 Kf6 33.Re2 Ke6 34.Qg4 Kd6 35.Qe4 Ba5 36.c4 Qxe4
37.dxe4 R5f7 38.Re3 Ke6 39.Rd1 Rd8 40.Red3 Rd4 41.Bg1 Rxd3 42.Rxd3 Bb4 43.Be3 Rg7
44.Rd8 Ke7 45.Rc8 Kd6 46.Kf2 Bc3 47.Ke2 Bd4 48.Bd2 Bg1 49.Rf8 Bh2 50.Rf6+ Kc7
51.Be3 Re7 52.Bd2 Bf4 53.Rg6 Rd7 54.Bxf4 gxf4 55.Rg5 Kd6 56.Rh5 Rg7 57.Kf2 a5
58.Rxh4 a4 59.Rh6+ Kc7 60.Re6 Rg3 61.Rxe5 Rxh3 62.Rg5 axb3 63.axb3 Kd6 64.Kg2 Rh8
65.Rg6+ Kd7 66.Rf6 Rb8 67.Rxf4 Rxb3 68.e5 Ke6 69.Re4 Rd3 70.Kg3 Rd4 71.Kf4 Rd3
72.Kg3 Rd2 73.f4 Rd1 74.Kg4 Rg1+ 75.Kf3 Rd1 76.Ke2 Rd4 77.Rxd4 cxd4 78.c5 Kd5
79.Kd3 Kxc5 80.f5  1-0

[Event "Chigorin Mem Classic Open"]
[Site "St Petersburg RUS"]
[Date "2010.11.04"]
[Round "8"]
[White "Chadaev,N"]
[Black "Kuzubov,Y"]
[Result "1/2-1/2"]
[WhiteElo "2574"]
[BlackElo "2628"]

1.e4 c5 2.Nf3 Nc6 3.Bb5 d6 4.O-O Bd7 5.Re1 Nf6 6.c3 a6 7.Ba4 b5 8.Bc2 e5
9.h3 Be7 10.d4 Qc7 11.d5 Na5 12.Nbd2 O-O 13.Nf1 g6 14.Bh6 Rfb8 15.b3 Nb7
16.Qd2 Ne8 17.g4 Nd8 18.Ng3 f6 19.Be3 Nf7 20.Kh2 Ng7 21.Rg1 Kh8 22.Raf1 b4
23.c4 a5 24.a4 bxa3 25.Ra1 a4 26.Rxa3 axb3 27.Rxa8 Rxa8 28.Bxb3 Ra3  1/2-1/2

[Event "VII Open"]
[Site "Figueira da Foz POR"]
[Date "2010.11.06"]
[Round "8.20"]
[White "Vicente,J"]
[Black "Beltran Ortiz,E"]
[Result "1/2-1/2"]
[WhiteElo "1839"]
[BlackElo "1883"]

1.e4 c5 2.Nf3 Nc6 3.Bb5 g6 4.O-O Nh6 5.Bxc6 dxc6 6.d3 f6 7.Nc3 e5 8.h3 Nf7
9.a4 a5 10.Re1 Bd6 11.Nd2 Be6 12.Nc4 Bc7 13.b3 O-O 14.Be3 b6 15.Qd2 Rb8 16.Kh1 Qd7
17.Kh2 Kg7 18.f3 h6 19.Re2 Ng5 20.Rf1 Rh8 21.Ref2 Bxh3 22.gxh3 Qxh3+ 23.Kg1 Qg3+
24.Kh1 Qh3+  1/2-1/2

[Event "VII Open"]
[Site "Figueira da Foz POR"]
[Date "2010.11.07"]
[Round "9.1"]
[White "Kasparov,S"]
[Black "Corrales Jimenez,F"]
[Result "1/2-1/2"]
[WhiteElo "2485"]
[BlackElo "2599"]

1.e4 c5 2.Nf3 Nc6 3.Bb5 g6 4.Bxc6 dxc6 5.d3 Bg7 6.h3 Nf6 7.Nc3 Nd7 8.Be3 e5
9.Qd2 h6 10.Ng1 b6 11.Nge2 Nf8 12.O-O Ne6 13.Rad1 g5 14.Ng3 Nd4 15.Nb1 Be6
16.Na3 O-O 17.b3 f6 18.c3 Rf7 19.Qb2 Nb5 20.Nxb5 cxb5 21.d4 c4 22.b4 Qc7
23.Qe2 a5 24.a3 axb4 25.axb4 Ra3 26.Rc1 f5 27.exf5 Bxf5 28.Nxf5 Rxf5 29.Rfd1 Qf7
30.Qb2 Rb3 31.Qc2 exd4 32.Bxd4 Ra3 33.Bxg7 Kxg7 34.Rd6 Rf6 35.Rxf6 Qxf6 36.Qd2 Ra7
37.Re1 Re7 38.Rxe7+ Qxe7 39.Qd4+ Kh7 40.Kf1 Qa7 41.g3 Qa2 42.Kg2 Qc2 43.Qe3 Kg7
44.g4 Kf7 45.Qd4 Qe2 46.Qd5+ Kg7 47.Qd4+ Kf7 48.Kg3 Kg8 49.Qf6 Kh7 50.h4 Qd3+
51.f3 Qe3 52.Kh3 Qc1 53.Qf5+ Kg7 54.Qe5+ Kh7 55.Qe4+ Kg7 56.Qd4+ Kh7 57.h5 Qh1+
58.Kg3 Qe1+ 59.Kg2 Qe2+ 60.Qf2 Qd3 61.Qe1 Kg7 62.Qe5+ Kg8 63.Qe6+ Kg7 64.Qe5+ Kf7
65.Kg3 Qd1 66.Qc7+ Kf8 67.Qc8+ Kf7 68.Qc7+ Ke8 69.Qxb6 Qe1+ 70.Kg2 Qd2+ 71.Kg3 Qe1+
72.Kg2 Qd2+ 73.Kg3 Qe1+ 74.Kg2  1/2-1/2